00691naa#a2200181#i#4500001001600000005001700016011001400033100004100047101000800088102000700096200011800103210010900221215001000330608004500340700006000385700005200445856001200497RU\\bibl\12677020260702040842.4##a1681-1208##a20260701b2026####ek#y0rusy0150####ca0#aENG##aRU1#aPreface to the Special Issue “Kamchatka Earthquake M 8.8 on July 29, 2025”eЖурнальная статья1#aМоскваcГеофизический центр Российской Академии Наукd2026##a0 с.##aЖурнальная статья2local#1aГвишианиgАлексей Джерменович#1aГликоgАлександр Олегович4#arjes.ru